| 000 | 00695nam a22002177a 4500 | ||
|---|---|---|---|
| 999 |
_c14355 _d14355 |
||
| 003 | AR-CdUCM | ||
| 008 | 190422b ||||| |||| 00| 0 spa d | ||
| 040 |
_aMUNICIPALIDAD PROVINCIAL DEL CUSCO _cBIBLIOTECA MUNICIPAL DEL CUSCO |
||
| 082 |
_a869.624 / _bM24 / 1969 |
||
| 100 |
_aMata, G. H. _933097 |
||
| 245 | _aTraición a la vida / | ||
| 260 |
_aCuenca : _bCenit, _c1969. |
||
| 300 |
_a115 páginas ; _c15 cm. |
||
| 500 | _aDonación a la familia Nieto. | ||
| 505 | _aContenido : Ante mí -- Mi carta su señora madre Cesar Davila Andrade ... | ||
| 650 |
_aLiteratura _983 |
||
| 650 |
_aEcuatoriana _929712 |
||
| 650 |
_aSiglo XX _98 |
||
| 942 |
_2ddc _cLIBROS |
||
| 945 |
_arah _d22/04/2019 |
||